| 000 | 00648nam a22001937a 4500 | ||
|---|---|---|---|
| 005 | 20251108164037.0 | ||
| 008 | 250721s1994 xx 000 0 ara d | ||
| 082 | 1 | 4 | _a320.9565/عتي |
| 100 | 1 | _aالعتيبي، صبحي جبر | |
| 245 | 1 | 0 | _aالوسطية بين الكلمة و الفعل في التجربة الأردنية / |
| 264 | 1 |
_aعمان : _bلجنة تاريخ الأردن، _c1994. |
|
| 300 | _a81ص. | ||
| 490 | 0 | _aسلسلة البحوث و الدراسات المتخصصة ؛ 9 | |
| 650 | 1 | 7 | _aالأردن |
| 650 | 1 | 7 | _aالسياسة |
| 650 | 1 | 7 | _aالأحوال السياسية |
| 942 |
_2ddc _cBK |
||
| 999 |
_c2170 _d2170 |
||